[Event "RUS-ch 57th"]
[Site "Moscow"]
[Date "2004.11.18"]
[Round "4"]
[White "Kasparov, Garry"]
[Black "Motylev, Alexander"]
[Result "1/2-1/2"]
[WhiteElo "2813"]
[BlackElo "2651"]
[Annotator "Stohl,I"]
[PlyCount "152"]
[EventDate "2004.11.15"]
[EventType "tourn"]
[EventRounds "11"]
[EventCountry "RUS"]
[EventCategory "18"]
[SourceTitle "CBM 104"]
[Source "ChessBase"]
[SourceDate "2005.01.27"]
[SourceVersion "1"]
[SourceVersionDate "2005.01.27"]
[SourceQuality "1"]

1. e4 {Huzman} e5 2. Nf3 Nf6 3. Nxe5 d6 4. Nf3 Nxe4 5. d4 d5 6. Bd3 Nc6 7. O-O
Be7 8. c4 Nb4 9. Be2 O-O 10. a3 ({Another way to achieve the same position is} 
10. Nc3 Bf5 11. a3 Nxc3 12. bxc3 Nc6 13. cxd5 (13. Re1 Re8 14. Bf4 {also used
to be popular, but started disappearing from the scene due to} dxc4 15. Bxc4
Bd6 16. Rxe8+ Qxe8 17. Ng5 Bg6 18. Bxd6 cxd6 19. h4 Qe7 20. Qg4 h6 21. Nh3 Qe4
(21... Qf6 22. Re1 Bf5 23. Qf3 Kf8 24. Nf4 Bd7 25. g3 Re8 26. Rxe8+ Bxe8 27.
Qe4 $36 g5 $2 28. hxg5 Qxg5 29. Bd5 Bd7 30. Qh7 Qf6 31. Bxf7 $1 $18 {Anand,
V-Karpov,A/Eurotel Prague/2002/}) 22. Nf4 Ne5 $1 23. dxe5 Qxc4 (23... dxe5 $4
24. Bd5 Qxf4 25. Qxg6 {1-0,Kulaots,K-Timman,J/Prague m/2004/}) 24. exd6 (24.
Qg3 dxe5 25. Nxg6 fxg6 26. Qxe5 Rf8 27. Qg3 Qf4 28. Qxf4 Rxf4 $15 {Gonzalez,
Y-Morovic Fernandez,I/Havana/2003/}) 24... Qxc3 25. Rf1 Be4 $1 26. Ne6 Bd3 27.
Qf3 fxe6 28. Rd1 Qxa3 29. Rxd3 Qc1+ 30. Kh2 Qc6 $11) 13... Qxd5 {-10.a3
Kasparov's move-order gives Black less chances to deviate from the main line,
but for the time being Motylev doesn't want to do that.}) 10... Nc6 11. cxd5
Qxd5 12. Nc3 Nxc3 13. bxc3 Bf5 14. Re1 Rfe8 15. Bf4 Rac8 {Black's main move.} (
15... Bd6 {has also been tested, but after} 16. c4 Qe4 17. Be3 {the Bd6
remains exposed and White retains his initiative with} Rad8 18. Ra2 $1 (18. Qb3
{allows} Bf4 $1 $11 {/\} 19. Nd2 $2 Nxd4 $1 $19) 18... Bg6 19. Qc1 Na5 20. c5
Be7 21. Bb5 $14 Qd5 $6 {Kasparov,G-Karpov,A/New York act X3D/2002/} 22. Bxe8 $1
Qxa2 23. Ba4 $16 {[%cal Re3f4] /\Bf4}) 16. h3 {A refined move, introduced by
Kramnik. A luft may be useful in tactical complications, freeing h2 for the
Nf3 is another idea.} ({Some 2 years ago White played mostly} 16. c4 Qe4 17.
Be3 {Now the newest wrinkle is} Qc2 $5 (17... Bf6 $143 18. Rc1 $1 $14 b6 $6 19.
h3 (19. c5 $5 Na5 20. Bd2 Qd5 21. Bxa5 bxa5 22. Bc4 Qd7 23. Qb3 a4 24. Qa2
Rxe1+ 25. Rxe1 Bg6 26. Ne5 Bxe5 27. dxe5 Re8 28. Qb2 h6 29. h3 Kh7 30. Bb5 Rb8
31. Bxd7 Rxb2 32. f4 $16 {Marciano,D-Ernst,S/BL2-W 0203/2003/}) 19... Bg6 20.
c5 $1 Ne7 21. Ba6 Rcd8 22. Bg5 Qc6 23. cxb6 Qxb6 24. Bxf6 gxf6 25. Qa4 $16 {
[%csl Ra7,Rc7,Rf6,Rf7] ק,Kasparov,G-Karpov,A/New York act X3D/2002/}) 18. d5
Na5 19. Nd4 Qxd1 {Now more ambitious is} 20. Raxd1 (20. Rexd1 Bd7 21. Bd2 Bf6
22. Bxa5 Bxd4 23. Rxd4 Rxe2 $11 {Leko,P-Kramnik,V/WCh Brissago (3)/2004/})
20... Bd7 21. Nb5 {, but even here Black should equalize:} a6 (21... Bxb5 22.
cxb5 Rcd8 $132) 22. Nxc7 Rxc7 23. d6 Bxd6 24. Rxd6 Ba4 $11) ({Earlier Leko has
successfully tried} 16. Bd3 $5 {, but careful play should neutralize White's
|^:} Qd7 17. Rb1 (17. Bxf5 Qxf5 18. Bg3 Bd6 19. Qb3 b6 20. c4 Qf6 21. d5 Nd4
22. Nxd4 Qxd4 23. Qa4 Re2 24. Rad1 Qe4 25. Rxe2 Qxe2 26. Rf1 a5 27. Qd7 Qe8 28.
Qxe8+ Rxe8 29. Bxd6 cxd6 30. Rb1 Re4 31. Kf1 Rxc4 32. Rxb6 Kf8 33. Rxd6 Ra4 $11
{Ivanchuk,V-Gelfand,B/Calvia olm/2004/}) 17... Bxd3 18. Qxd3 b6 19. d5 Bf6 20.
c4 h6 21. h3 Rxe1+ (21... Re7 22. Rbd1 Rd8 23. Rxe7 Nxe7 24. Ne5 Bxe5 25. Bxe5
Re8 26. Bg3 $14 Nf5 $6 27. Bxc7 Qxc7 28. Qxf5 Qxc4 29. d6 Rd8 30. d7 $36 {
Leko,P-Anand,V/Linares/2003/}) 22. Rxe1 Ne7 23. Ne5 Bxe5 24. Bxe5 Nf5 25. Bb2
Rf8 26. Re5 Nd6 27. Qg3 f6 28. Re6 Rf7 $1 29. Qg6 Kh8 30. h4 Re7 $11 {Akopian,
V-Gelfand,B/Calvia olm/2004/}) 16... h6 $5 $146 {[%mdl 8] An interesting
novelty, Motylev doesn't want to commit any of his bishops and makes a similar
useful move instead.} (16... Bf6 $143 17. Nh2 $1 Qa5 18. Bd2 Ne7 (18... Rcd8
19. Bf3 h6 20. Ng4 Bxg4 21. hxg4 Bg5 22. Bxg5 hxg5 {Kramnik,V-Anand,V/Wijk aan
Zee/2003/} 23. Qc1 $1 $36 {[%csl Rb7,Rg5] ><b7,g5}) 19. Bf3 Rcd8 20. Ng4 Bxg4
21. hxg4 {[%cal Rg4g5] /\g5} h6 {Shirov,A-Bologan,V/Wijk aan Zee/2004/} 22.
Bxb7 $1 c5 23. Bf3 cxd4 24. cxd4 Qb6 25. Rb1 Qxd4 26. Be3 $36 {[%csl Ge3,Gf3]
^^}) ({Until now the main move was} 16... Be4 17. Be3 (17. Nd2 Bxg2 18. c4 Qf5
19. Bg4 Qxf4 20. Bxc8 Rxc8 21. Kxg2 Qxd4 $11) 17... Na5 $5 {It would be
interesting to know, how Kasparov intended to fight against Kramnik's idea, a
possible answer is} ({After} 17... Rcd8 18. Nd2 Bg6 {interesting is Huzman's
recommendation} 19. Qa4 $5 Qa5 20. Qb3 Qb6 21. Bf3 $14) 18. Nd2 (18. c4 Nxc4
19. Bxc4 Qxc4 20. Nd2 Qd5 21. Nxe4 Qxe4 22. Bg5 Qxe1+ 23. Qxe1 Bxg5 24. Qa5 Bf6
25. Qxa7 c5 $44 {/=,Leko,P-Kramnik,V/WCh Brissago (1)/2004/}) 18... Bf5 (18...
Bg6 19. Qa4 {[%csl Ra5] פa5}) 19. Bf3 Qd7 20. Ne4 Bd6 (20... b6 21. Ng3 $14) (
20... Rcd8 $142 $1 $11) 21. Nc5 $5 Bxc5 22. dxc5 Qxd1 23. Raxd1 c6 (23... Be4
$5) 24. Rd4 Nb3 25. Rf4 g6 26. Rd1 Rc7 27. Rb4 Bc2 28. Rd6 $14 {[%csl Ge3,Gf3]
^^,Laznicka,V-Stopa,J/Legnica/2004/}) 17. Nd2 {Alternatives, mentioned in the
note to move 16, lead to similar positions even with the P on h3 and h6
respectively.  Huzman: 'White decides to transfer the Nf3 to e3 for better
control of the central squares.'} ({White could have tried also} 17. Be3 {
, but Black can calmly improve his R with} Rcd8 $5 $132) 17... Qd7 (17... Na5
$5 18. Bf3 Qd7 19. Ne4 Rcd8 $11 {is a better version of the Laznicka-Stopa
game.}) 18. Nc4 Bd6 $1 {Huzman: 'Black tries to neutralise the pressure of Bf4
on the open file "e" for Re8.'} 19. Qd2 $1 ({Huzman: A good and simple example
how to play against the plan of Black was shown in the game} 19. Bxd6 cxd6 20.
Ne3 {'+/-' Huzman. Huzman: '1/2-1/2 Karjakin,S-Gelfand,B/Pamplona ESP 2004/(26)
'} Ra8 (20... Rcd8 {seems more logical.}) 21. Qa4 a6 22. Qb3 Be4 23. Bg4 Qc7
24. a4 Ne7 25. Be6 Rf8 $11 26. Nd5 Bxd5 {1/2,Karjakin,S-Gelfand,B/Pamplona/
2004/}) (19. Be3 Bf8 $1 $11 {- the e3-square is meant for the N.}) 19... Bxf4
20. Qxf4 Re4 {The R will have to retreat anyway, so perhaps Black should have
played something else:} (20... Ne7 $5 {/\} 21. Ne5 Ng6 22. Nxg6 fxg6 $11) 21.
Qg3 Rce8 22. Ne3 R4e7 23. Bb5 $5 {[%mdl 32] The manoeuvring fight starts. The
B aims for the /^a2-g8, but first Kasparov "softens" Black's <<. This will
bring dividends 9 moves later.} (23. Ra2 $5 {[%cal Ga2b2] Huzman} Be4 24. Rb2
Qd6 $11) 23... a6 24. Bc4 Na5 {Later on the N will be misplaced on the edge.} (
24... b5 $5 25. Ba2 Be4 $11) 25. Ba2 Be6 {Huzman: 'Black neutralises the
pressure of Ba2 in the same way like with Bf4.'} (25... Qc6 $5 {Huzman} 26. Kh2
Bh7 $11) 26. d5 Bf5 27. Red1 {[%cal Rd5d6]} Re5 {Prevents d6.} 28. Rd4 Qd6 29.
Kh2 Bg6 (29... Bd7 $5 {[%cal Ya5b7,Yb7b5] /\b5,Nb7 '=!?' Huzman.} 30. a4 {
Huzman} Re4 31. Qxd6 cxd6 32. Rb4 $11) 30. a4 Re4 $6 (30... Kh8 $142 $11 {/+/=}
) 31. Qxd6 cxd6 32. Rb4 $1 Rc8 33. c4 $36 {[%csl Ra5,Rg6] פa5,Bg6 Now both
Black's minor pieces are stranded and White takes over the initiative. Motylev
managed to save the game only with some luck.} Kf8 (33... Rd4 $5 {Huzman} 34.
Rb6 Rd8 $11) 34. Rd1 Ke7 35. g4 Kd7 36. Kg3 Rce8 37. Rb2 h5 {'?' Huzman.} (
37... Rxe3+ $1 {Huzman} 38. fxe3 Rxe3+ 39. Kh2 Ra3 40. Bb1 Bxb1 41. Rdxb1 Rxa4
$44) 38. Bb1 R4e5 39. Bxg6 fxg6 40. c5 $1 {Huzman: 'This is a very important
resourse. White opens the 6th rank to penetrate with the rooks there.'} dxc5
41. Rb6 $16 Rxe3+ {'?!' Huzman.} (41... hxg4 {Huzman} 42. hxg4 g5 43. Nf5 Re4
44. Rc1 $1 c4 45. Rd6+ Kc7 46. Rg6 $16) 42. fxe3 Rxe3+ 43. Kf4 Rxh3 44. Rxg6
Rh4 45. Rxg7+ Kd6 46. Rg6+ Kd7 47. Rc1 b6 48. Rxb6 Rxg4+ 49. Kf3 c4 50. Rh1 Rg5
51. Rxa6 Nb3 52. Kf4 Rg4+ 53. Ke3 c3 (53... Rg5 $142 $16) 54. Rc6 $2 (54. Rxh5
$1 $18 {[%cal Rh5h7,Ra6a8] /\Rh7,Ra8#}) 54... h4 55. Rb1 Rg3+ 56. Kf4 Nd4 57.
Rb7+ Kd8 58. Ra6 (58. Rcc7 $1 {Huzman} c2 59. Ke5 Rg1 60. Rh7 $1 Kc8 61. Rbc7+
Kb8 62. d6 Nc6+ 63. Rxc6 c1=Q 64. Rxc1 Rxc1 65. Rh8+ Rc8 66. Rxh4 $18) 58...
Kc8 59. Rh7 (59. Re7 $1 {Huzman} Kb8 60. Rb6+ Ka8 61. Rbb7 $1 c2 62. Rbc7 $18)
59... Kb8 60. Rb6+ Ka8 61. Ra6+ Kb8 62. Rb6+ Ka8 63. Rf6 Rg8 64. Ke4 c2 65. Rc7
Kb8 66. d6 {'?' Huzman.} (66. Rff7 $1 $18 {Huzman}) 66... Rc8 67. Kxd4 c1=Q 68.
Rxc1 Rxc1 69. Kd5 Kc8 70. Rf8+ Kd7 71. Rf7+ Kd8 72. a5 Rd1+ 73. Kc6 Rc1+ 74.
Kb7 Rb1+ 75. Ka7 h3 76. Rh7 Rb3 (76... Rb3 77. a6 Kc8 78. Rc7+ Kd8 $11 {/\} 79.
Rb7 h2) 1/2-1/2

[Event "Candidates Tournament Gp2"]
[Site "Dortmund"]
[Date "2002.07.11"]
[Round "6"]
[White "Leko, Peter"]
[Black "Adams, Michael"]
[Result "1-0"]
[WhiteElo "2717"]
[BlackElo "2752"]
[Annotator "Stohl,I"]
[PlyCount "89"]
[EventDate "2002.07.06"]
[EventType "tourn"]
[EventRounds "6"]
[EventCountry "GER"]
[EventCategory "20"]
[SourceTitle "CBM 090"]
[Source "ChessBase"]
[SourceDate "2002.09.20"]
[SourceVersion "1"]
[SourceVersionDate "2002.09.20"]
[SourceQuality "1"]

{[%mdl 2]} {This game enabled Leko to qualify.} 1. e4 {Huzman} e5 2. Nf3 Nf6 3.
Nxe5 d6 4. Nf3 Nxe4 5. d4 d5 6. Bd3 Nc6 7. O-O Be7 8. c4 {Definitely the main
move now, although recently Morozevich has tried also the older} (8. Re1 Bg4 9.
c3 f5 10. Nbd2 O-O 11. Qb3 Na5 12. Qc2 c5 $5 $146 13. Ne5 Bh5 14. f3 Bh4 $1 {
Critical for the whole line is probably} 15. Rf1 $5 (15. fxe4 $2 Bxe1 16. exf5
c4 17. Bf1 Bxd2 18. Bxd2 Nc6 19. Re1 Qc8 20. h3 Rxf5 $1 21. g4 Nxe5 22. dxe5
Rf3 $1 (22... Rxf1+ $2 23. Rxf1 Bg6 24. Qd1 Qc5+ 25. Rf2 Re8 26. Bf4 Bd3 27.
Qf3 Be4 {1/2,Morozevich,A-Adams,M/Dortmund ct/2002/}) 23. gxh5 Qc5+ 24. Kh1 Qf2
25. Bg2 Rd3 26. Rd1 Rf8 $1 {[%cal Rf8f3] /\Rff3-+}) 15... cxd4 16. fxe4 (16.
cxd4 $2 Qb6 $36) 16... fxe4 17. Rxf8+ Qxf8 18. Nxe4 dxe4 19. Bxe4 $13 {/+/=})
8... Nf6 {A favourite of Jussupow, also sometimes played by Gelfand and Karpov.
Adams played it for the first time, earlier he preferred the more active main
move} (8... Nb4 9. Be2 O-O 10. Nc3 Be6 11. Ne5 f6 12. Nf3 Kh8 13. cxd5 Nxc3 14.
bxc3 Nxd5 15. Bd3 c5 16. c4 Nb4 17. d5 Nxd3 18. Qxd3 Bd6 $1 {[%cal Gb8h2]
Prevents White's B from occupying the crucial h2-b8/^.} (18... Bf7 $2 19. Bf4
Bd6 20. Bxd6 Qxd6 21. Nh4 b5 22. cxb5 Qxd5 23. Qxd5 Bxd5 24. Rfc1 $36 {Leko,
P-Adams,M/Dortmund/2001/}) 19. Qb3 Bg4 20. h3 Bh5 21. a4 $11 {1/2,Anand,
V-Adams,M/Dortmund/2001/}) 9. h3 $5 ({Seemingly more logical is} 9. Nc3 {
but after} Be6 $5 (9... Bg4 10. cxd5 Nxd5 11. h3 {only costs a tempo, forcing
the B back to e6 anyway.} Bh5 $6 12. Be4 $1 $16) (9... O-O {can transpose into
the game.}) 10. c5 (10. cxd5 Nxd5 11. Re1 O-O 12. a3 Bf6 13. Be4 {leads to a
position theory considers satisfactory for Black, an interesting idea is
Karpov's} Rb8 $5 14. Qd3 h6 15. Bh7+ Kh8 16. Bf5 Nxc3 17. bxc3 Bd5 18. Bf4 Ne7
19. Bg4 Ng6 20. Bg3 b5 $1 21. Qf5 a5 22. Re3 Rb7 $132 {Milos,G-Karpov,A/Buenos
Aires/2001/}) 10... Bg4 11. Bb5 O-O 12. Bxc6 bxc6 13. h3 Bxf3 14. Qxf3 Re8 15.
Be3 Qb8 16. Rab1 Bf8 17. Rfe1 Qb4 18. a3 Qc4 $132 {Shirov,A-Gelfand,B/Astana/
2001/ and Black's forces are sufficiently active to compensate his defective
pawn structure.}) 9... O-O (9... Be6 10. c5 $36 {[%csl Re6] is not ideal now,
as the Be6 has no deployment is only a source of trouble.}) 10. Nc3 Nb4 (10...
dxc4 11. Bxc4 {leads to a position, which can also arise from the Accepted
Queen's Gsmbit or even Exchange French with 4.c4. As here Black is far from
the ideal blockade of the isolated Pd4, White's activity promises him an edge.
A famous example is} Na5 12. Bd3 Be6 13. Re1 Nc6 14. a3 a6 15. Bf4 Qd7 16. Ne5
$1 Nxe5 17. dxe5 Nd5 18. Nxd5 Bxd5 19. Qc2 g6 20. Rad1 c6 21. Bh6 Rfd8 22. e6
fxe6 23. Bxg6 $16 {Kasparov,G-Karpov,A/Moscow WCh/1985/}) 11. Be2 dxc4 {
Logical.} (11... Bf5 $143 12. a3 Nc6 13. Bf4 $5 dxc4 14. Bxc4 Ne8 15. Bd5 Bd6
16. Ne5 $16 {Dolmatov,S-Karner,H/Tallinn/1985/}) ({But more attention deserves
} 11... Be6 $5 12. a3 Nc6 {/\} 13. c5 Ne4 $132) 12. Bxc4 c6 (12... Nbd5 13. Re1
c6 14. Bg5 {only transposes.} ({Black doesn't have to worry unduly about} 14.
Qb3 Nb6 15. Bd3 Be6 16. Qc2 h6 17. a3 Nbd5 18. Bd2 Rc8 19. Na4 Rc7 20. Re2 Bd6
21. Rae1 Nh5 22. Bh7+ Kh8 23. Bf5 Nhf4 24. Bxf4 Nxf4 25. Re3 Nd5 26. R3e2 Nf4
27. Re3 $11 {1/2,Gelfand,B-Jussupow,A/Istanbul olm/2000/})) 13. Bg5 Nbd5 14.
Re1 Be6 15. Qb3 $1 {An important move that enables White to maintain his
pressure, otherwise Black can play Nc7.} Qb6 {[%mdl 4] Introduced by Gelfand,
but the easy and seemingly simple model way Leko outplays his strong opponent
with indicates transposing into a worse _|_ with little active <=> is perhaps
not an ideal solution.} ({The older} 15... Rb8 16. Ne5 {seems passive, but
after the patient} Re8 (16... Nc7 $2 17. Bxe6 Nxe6 18. Nxf7 Nxd4 19. Nxd8+ Nxb3
20. Nxc6 $1 bxc6 21. axb3 $16) 17. Rad1 Qd6 18. Bh4 Qb4 19. Qc2 Rbd8 20. Bd3 h6
21. Bg3 {Hulak,K-Toth,B/Budva zt/1981/} Nb6 $1 $13 {is playable for Black.}) ({
A nakoniec nemozno uplne odvrhnut ani radikalne Also possible seems the radical
} 15... Nxc3 16. Bxe6 (16. bxc3 Bxc4 17. Qxc4 Re8 (17... Nd5 $2 18. Bxe7 Nxe7
19. Qb4 $16) 18. Re2 Nd5 19. Rae1 f6 $11 {/\Qd7 and Black should gradually
neutralize White's |^.}) 16... Nb5 17. Bc4 Nd6 18. Bd3 Nd5 $11 {/+/= and White
has at best only a slight edge.}) (15... Re8 $6 16. Bxf6 $1 Bxf6 17. Bxd5 $1
cxd5 18. Qxb7 $16 {Nataf,IA-Delgado,N/Havana/2001/ loses a P without special
compensation.}) 16. Nxd5 cxd5 (16... Nxd5 $4 17. Bxd5 $18) 17. Qxb6 axb6 18.
Bb3 ({In the initial game with 15...Qb6 White's small pull quickly evaporated
after} 18. Bd3 h6 19. Bf4 Rfc8 20. Nd2 Ne8 $1 21. Nf1 Nd6 22. Ne3 Bf8 23. Be5
Ra5 24. Bxd6 Bxd6 25. Bf5 $11 {1/2,Grischuk,A-Gelfand,B/Biel/2001/ In the
following games White logically kept the potentially weak ><d5 under fire.})
18... h6 $6 $146 {Not a very good novelty.} (18... Bb4 $142 $1 19. Re2 (19. Re5
Nd7 20. Re2 Rfc8 21. Ne1 Nb8 $1 22. Nd3 Nc6 23. Nxb4 Nxb4 24. g4 h6 25. Bf4 g5
26. Be3 Bd7 $1 27. a3 {1/2,Kasimdzhanov,R-Fridman,D/Essen/2002/} Ba4 $1 $11) (
19. Rec1 Ne4 20. Bf4 Rfc8 {also isn't too convincing, exchanges on the <->c
only ease Black's defensive task.}) 19... Ne4 {Now this N move wins a tempo
and after} 20. Bf4 Rfc8 21. Ne5 Bf8 22. Nd3 Nd6 $132 {[%csl Gc4][%cal Yd6c4] +/
=/= the N strives for another active outpost c4.}) (18... Rfc8 {doesn't change
the character of the position and after} 19. Re2 Kf8 (19... h6 {Huzman} 20. Bf4
Ne4 21. Ne5 Bg5 22. Nd3 (22. Bxg5 $5 {Huzman} hxg5 23. Rae1 Rc7 24. Nd3 Kf8 25.
Nb4 Nf6 26. Re5 $16) 22... Bf6 23. Nb4 Ra5 24. Rd1 g5 25. Be5 Bg7 26. f3 Nf6
27. g4 $14 {1/2-1/2 Giaccio,A-Zarnicki,P/Pinamar ARG 2002/The Week in Chess
384 (50)}) 20. Ne5 Ne4 $2 {loses a pawn to} 21. Nd7+ $1 Bxd7 22. Bxe7+ Kxe7 23.
Bxd5 Kd6 24. Bxe4 Re8 25. Re3 $16 {Svidler,P-Jussupow,A/WChT Yerevan/2001/})
19. Bf4 {Huzman: 'It is very strange that in a decisive game Black chooses
such a passive variant. Leko creates a typical example of transformation of a
small advantage into victory.'} Rfc8 20. Ne5 g5 $2 {'?!' Huzman. An unforced
weakening, which will cost Black dearly. Huzman: 'This move weakens the king's
side of which White makes use later.'} (20... Ne4 $6 21. f3 {/\} (21. Re2 {
Huzman} Nd6 $4 (21... Bg5 {Huzman} 22. Bxg5 Nxg5 23. Nd3 {[%csl Rd5][%cal
Gd3b4,Gd3f4,Ge2e5,Gb4d5,Gf4d5,Ge5d5,Gb3d5]}) 22. Ng6 $18) 21... Nd6 $2 22. Ng6
$1 Nf5 23. g4 $18) (20... Ne8 $142 $14) (20... Bb4 {/\Ne8+/=}) 21. Bh2 Bb4 22.
Re2 Ne4 {[%cal Re4d2] /\Nd2} 23. Nd3 {Leko is not afraid of ghosts, Black's
activity is only temporary.} (23. Ng4 h5 24. Ne3 Ra5 25. Nxd5 Bxd5 26. Bxd5
Rxd5 27. Rxe4 Rc2 $44 {<=>}) 23... Bf8 (23... Nd2 $2 24. Bd1 Ba5 25. b4 $18) (
23... Ba5 24. Rd1 $16 {[%csl Ra5] ץa5}) 24. Rae1 Bg7 {Only increases the
effect of White's next move. But it's difficult to find anything better:} (
24... Bf5 25. g4 (25. Bxd5 $2 Nf6) 25... Bh7 26. Ne5 $16 {[%cal Rb3d5] /\Bd5}
Bb4 $2 27. Bxd5 Bxe1 28. Rxe1 Nd6 29. Nd7 $40) 25. Be5 Bxe5 (25... Bf8 {
not only costs a tempo, but forces black to reckon with} 26. f3 Nd6 27. Bxd6
Bxd6 28. Rxe6 $5 fxe6 29. Rxe6 $16) (25... f6 $2 26. Rxe4 $1 $16 {/+-}) 26.
Nxe5 Kg7 27. Nd3 $1 $16 {[%csl Gb3,Rb6,Rb7,Rd5,Re6,Rg5] White has a clear
positional advantage. His B is better than Black's, also his central P is less
vulnerable than the ><d5. Moreover Black has weaknesses on both flanks. Leko
first ties down Black's forces by transferring his N to b4.} Rc7 28. Nb4 Rd8
29. g4 $1 {It's necessary to chase away the Ne4, but} (29. f3 Ng3 30. Re5 Nf5
$1 {<=>><d4 The text takes away f5 from Black's N and fixates the ><g5.}) ({
Material gains are still premature:} 29. Nxd5 $6 Bxd5 30. Bxd5 Nxf2 $5 $11) (
29. Bxd5 $6 Bxd5 30. Nxd5 Rxd5 31. Rxe4 Rc2 $132) 29... Nf6 (29... h5 30. f3 {
[%cal Re2e5] /\Re5->}) 30. Kg2 Rd6 (30... Rdc8 $5 {/\Rc1} 31. Re5 $5 $16 {
and one of Black's R probably has to return to the <->d, as} Nd7 32. Rxd5 $1 (
32. Rxe6 $5 $16) 32... Bxd5+ 33. Nxd5 Rc1 (33... Rc6 34. Ba4 Rd6 35. Ne7 $16)
34. Re7 $16 {/+- is even worse.}) 31. f3 {Prepares Kg3.} Bd7 {[%cal Yd7b5,
Yb5c4] /\Bb5-c4} 32. Kg3 Kf8 ({Black stops half-way, but even after the more
logical} 32... Bb5 33. Re7 Rdd7 34. R7e5 Bc4 35. Bc2 $1 $16 {[%cal Rc2f5,Rh3h4]
/\h4,Bf5 his predicament is similar to the game.}) 33. h4 Bb5 34. Re5 {
Shatters Black's >>.} gxh4+ 35. Kxh4 Bc4 36. Bc2 $1 {White still needs his B.}
Bb5 (36... Bxa2 37. b3 Rxc2 (37... Rc3 $2 38. R5e3 $18) 38. Nxc2 Bxb3 39. Ne3 (
39. Nb4 $5) 39... Nd7 40. Rb1 $5 $16 {/+-} (40. Rh5 $143 Re6)) 37. a3 $1 {
Prophylaxis against Rc4.} Rd8 (37... Rc4 38. Rd1 {/\Bb3 forces the R to
retreat anyway.}) 38. Kg3 Kg7 39. Bf5 Kf8 {Aimed against Re7. Somewhat more
resilient was} (39... Rc4 40. Rd1 Ba4 41. Rd2 Rc7 42. Bd3 {[%cal Yd2h2,Yg4g5] /
\Rh2,g5 but even here Black can defend his >< only temporarily.}) 40. Rh1 Kg7
41. Nc2 {The N's task on b4 is over and Leko trnsfers it to the >>.} Re8 (41...
Rc4 {prevents Ne3, but allows} 42. g5 $1 Ng8 (42... hxg5 43. Bd3 $18) 43. gxh6+
Nxh6 44. Bd3 Rc6 45. Bxb5 Rxc2 46. Rg5+ Kf6 47. Kf4 Ng8 48. Rh8 Rcc8 49. Bd3
$22 {+-}) 42. Ne3 Rce7 43. Kf4 $1 Bc6 44. Bc2 Bd7 45. g5 $1 (45. g5 hxg5+ $2
46. Rxg5+ {mates, otherwise Black loses at least 2 P.}) 1-0